[Event "IMP Mezczyzn do lat 20"]
[Site "Chotowa"]
[Date "2023.10.31"]
[Round "2.15"]
[White "Zieba, Hubert"]
[Black "Karut, Kacper"]
[Result "1-0"]
[BlackElo "2093"]
[WhiteElo "1805"]
[LiveChessVersion "1.4.8"]

1. Nf3 {[%clk 1:30:56]} Nf6 {[%clk 1:27:56]} 2. c4 {[%clk 1:31:20]} g6
{[%clk 1:27:46]} 3. g3 {[%clk 1:31:45]} Bg7 {[%clk 1:28:00]} 4. Bg2
{[%clk 1:32:11]} O-O {[%clk 1:26:39]} 5. O-O {[%clk 1:32:35]} c6 {[%clk 1:27:00]}
6. d4 {[%clk 1:32:57]} d5 {[%clk 1:27:17]} 7. Nbd2 {[%clk 1:33:22]} a5
{[%clk 1:26:33]} 8. Ne5 {[%clk 1:24:06]} Ng4 {[%clk 1:14:49]} 9. Nxg4
{[%clk 1:21:05]} Bxg4 {[%clk 1:13:51]} 10. cxd5 {[%clk 1:21:23]} cxd5
{[%clk 1:05:58]} 11. h3 {[%clk 1:20:31]} Bf5 {[%clk 0:59:40]} 12. g4
{[%clk 1:13:05]} Be6 {[%clk 0:57:22]} 13. Nf3 {[%clk 1:12:46]} Nc6
{[%clk 0:52:54]} 14. Be3 {[%clk 1:12:06]} Qd7 {[%clk 0:46:03]} 15. Ng5
{[%clk 1:10:21]} Rfd8 {[%clk 0:40:03]} 16. Qd2 {[%clk 1:08:12]} a4
{[%clk 0:37:35]} 17. b3 {[%clk 1:01:07]} Qd6 {[%clk 0:30:16]} 18. Nxe6
{[%clk 0:54:41]} Qxe6 {[%clk 0:29:38]} 19. Rab1 {[%clk 0:54:32]} a3
{[%clk 0:29:02]} 20. b4 {[%clk 0:49:07]} Qd7 {[%clk 0:25:21]} 21. Rb3
{[%clk 0:43:49]} Ra4 {[%clk 0:23:38]} 22. Qc3 {[%clk 0:39:00]} Rc8
{[%clk 0:20:53]} 23. Rc1 {[%clk 0:37:29]} Na7 {[%clk 0:19:54]} 24. Qd3
{[%clk 0:36:50]} Rxc1+ {[%clk 0:18:20]} 25. Bxc1 {[%clk 0:37:12]} Nb5
{[%clk 0:18:02]} 26. e3 {[%clk 0:34:59]} Qc6 {[%clk 0:15:21]} 27. Bd2
{[%clk 0:34:38]} e6 {[%clk 0:12:10]} 28. Bf1 {[%clk 0:30:58]} Nd6
{[%clk 0:12:06]} 29. b5 {[%clk 0:26:03]} Qc4 {[%clk 0:09:56]} 30. Qxc4
{[%clk 0:25:58]} dxc4 {[%clk 0:03:58]} 31. Rb4 {[%clk 0:25:46]} Ra5
{[%clk 0:03:58]} 32. Bxc4 {[%clk 0:25:31]} Nxc4 {[%clk 0:04:20]} 33. Rxc4
{[%clk 0:25:54]} Rxb5 {[%clk 0:04:45]} 34. Bb4 {[%clk 0:26:01]} Bf8
{[%clk 0:04:07]} 35. Bxf8 {[%clk 0:26:17]} Kxf8 {[%clk 0:04:33]} 36. Ra4
{[%clk 0:26:44]} h5 {[%clk 0:03:13]} 37. Rxa3 hxg4 {[%clk 0:03:02]} 38. hxg4
{[%clk 0:27:08]} Kg7 {[%clk 0:02:13]} 39. Kg2 {[%clk 0:26:25]} g5
{[%clk 0:01:33]} 40. Kg3 {[%clk 0:53:29]} Kf6 {[%clk 0:30:54]} 41. f4
{[%clk 0:52:30]} gxf4+ {[%clk 0:31:01]} 42. Kxf4 {[%clk 0:52:48]} Rb1
{[%clk 0:30:06]} 43. Rb3 {[%clk 0:50:40]} Ra1 {[%clk 0:28:14]} 44. a3
{[%clk 0:50:43]} Rf1+ {[%clk 0:23:03]} 45. Ke4 {[%clk 0:49:31]} Rg1
{[%clk 0:20:42]} 46. Rxb7 {[%clk 0:49:43]} Rxg4+ {[%clk 0:21:08]} 47. Kf3
{[%clk 0:49:29]} Rg1 {[%clk 0:21:27]} 48. a4 {[%clk 0:49:21]} Ra1
{[%clk 0:20:05]} 49. Ra7 Ra3 50. a5 {[%clk 0:49:42]} Ra4 {[%clk 0:18:49]} 51. a6
{[%clk 0:49:51]} Ra3 {[%clk 0:18:21]} 52. Kf4 {[%clk 0:49:53]} Ra4
{[%clk 0:15:50]} 53. Ra8 {[%clk 0:50:03]} Ra1 {[%clk 0:15:21]} 54. a7
{[%clk 0:50:17]} Ra4 {[%clk 0:15:13]} 55. e4 {[%clk 0:50:20]} Ke7
{[%clk 0:14:28]} 56. Ke5 {[%clk 0:48:40]} Ra6 {[%clk 0:06:06]} 57. d5
{[%clk 0:48:38]} Ra5 {[%clk 0:06:20]} 58. Kf4 {[%clk 0:48:41]} exd5
{[%clk 0:03:47]} 59. exd5 {[%clk 0:49:05]} Ra4+ {[%clk 0:04:13]} 60. Ke3
{[%clk 0:49:26]} Ra3+ {[%clk 0:04:26]} 61. Kd4 {[%clk 0:49:37]} Ra4+
{[%clk 0:03:08]} 62. Kc3 {[%clk 0:49:53]} Ra3+ {[%clk 0:01:37]} 63. Kb4
{[%clk 0:50:14]} Ra1 {[%clk 0:01:12]} 64. d6+ {[%clk 0:50:37]} Kxd6
{[%clk 0:00:58]} 65. Rd8+ {[%clk 0:51:02]} Ke5 {[%clk 0:01:24]} 66. a8=Q
{[%clk 0:51:20]} Rxa8 {[%clk 0:01:46]} 67. Rxa8 {[%clk 0:51:47]} f5
{[%clk 0:01:51]} 68. Kc3 {[%clk 0:52:13]} Ke4 {[%clk 0:01:48]} 69. Kd2
{[%clk 0:52:37]} 1-0

[Event "IMP Mezczyzn do lat 20"]
[Site "Chotowa"]
[Date "2023.10.31"]
[Round "2.16"]
[White "Zielonka, Adam"]
[Black "Mocko, Maciej"]
[Result "1/2-1/2"]
[BlackElo "1862"]
[WhiteElo "2059"]
[LiveChessVersion "1.4.8"]

1. e4 {[%clk 1:30:59]} e5 {[%clk 1:30:57]} 2. Nf3 {[%clk 1:31:23]} Nc6
{[%clk 1:31:24]} 3. Bc4 {[%clk 1:31:40]} Nf6 {[%clk 1:31:51]} 4. d4
{[%clk 1:31:56]} exd4 {[%clk 1:32:18]} 5. e5 {[%clk 1:32:17]} Ne4
{[%clk 1:32:37]} 6. Qe2 {[%clk 1:32:04]} Nc5 {[%clk 1:32:57]} 7. O-O
{[%clk 1:32:28]} Ne6 {[%clk 1:33:03]} 8. Bxe6 {[%clk 1:32:17]} fxe6
{[%clk 1:33:24]} 9. Rd1 {[%clk 1:29:51]} Be7 {[%clk 1:33:40]} 10. Nxd4
{[%clk 1:28:35]} Nxd4 {[%clk 1:34:00]} 11. Rxd4 {[%clk 1:28:59]} O-O
{[%clk 1:34:24]} 12. Nc3 {[%clk 1:26:44]} b6 {[%clk 1:34:50]} 13. Rg4
{[%clk 1:23:03]} Rf7 {[%clk 1:27:00]} 14. Be3 {[%clk 1:15:59]} Bb7
{[%clk 1:27:09]} 15. Rd1 {[%clk 1:14:59]} Bc6 {[%clk 1:26:56]} 16. Nb5
{[%clk 1:12:40]} Qc8 {[%clk 1:15:31]} 17. Nd4 {[%clk 1:10:27]} Bb7
{[%clk 1:10:24]} 18. Rg3 {[%clk 1:04:18]} Qf8 {[%clk 1:00:39]} 19. Qg4
{[%clk 0:56:26]} Bc5 {[%clk 0:58:35]} 20. Rh3 {[%clk 0:45:46]} Bxd4
{[%clk 0:38:29]} 21. Rxd4 {[%clk 0:44:56]} Qc5 {[%clk 0:35:58]} 22. Rxd7
{[%clk 0:25:37]} Qxc2 {[%clk 0:33:39]} 23. Rd2 {[%clk 0:24:27]} Qb1+
{[%clk 0:30:10]} 24. Rd1 {[%clk 0:21:05]} Qe4 {[%clk 0:29:14]} 25. Qxe4
{[%clk 0:18:10]} Bxe4 {[%clk 0:29:42]} 26. f4 {[%clk 0:17:47]} c5
{[%clk 0:29:46]} 27. Rd6 {[%clk 0:17:35]} Bd5 {[%clk 0:30:07]} 28. a3
{[%clk 0:17:59]} h6 {[%clk 0:27:07]} 29. g4 {[%clk 0:14:58]} Kf8 {[%clk 0:27:14]}
30. f5 {[%clk 0:13:17]} Ke7 {[%clk 0:26:12]} 31. Bf2 {[%clk 0:12:31]} Bc4
{[%clk 0:16:07]} 32. Rc3 {[%clk 0:09:36]} Ba2 {[%clk 0:15:34]} 33. Bh4+
{[%clk 0:09:20]} Ke8 {[%clk 0:15:02]} 34. Rcd3 {[%clk 0:08:38]} Rc7
{[%clk 0:10:45]} 35. f6 {[%clk 0:04:33]} Bd5 {[%clk 0:08:50]} 36. g5
{[%clk 0:01:37]} hxg5 {[%clk 0:07:46]} 37. Bxg5 {[%clk 0:02:05]} gxf6
{[%clk 0:07:14]} 38. Bxf6 {[%clk 0:01:56]} Kf7 {[%clk 0:02:47]} 39. Rg3
{[%clk 0:01:42]} Rg8 {[%clk 0:03:09]} 40. Rxg8 {[%clk 0:32:06]} Kxg8
{[%clk 0:33:37]} 41. Rd8+ {[%clk 0:31:58]} Kf7 {[%clk 0:33:42]} 42. h4
{[%clk 0:31:17]} Kg6 {[%clk 0:33:49]} 43. Rg8+ {[%clk 0:31:36]} Kf5
{[%clk 0:31:27]} 44. Rh8 {[%clk 0:30:49]} Kf4 {[%clk 0:30:00]} 45. h5
{[%clk 0:29:20]} Be4 {[%clk 0:29:49]} 46. h6 {[%clk 0:28:44]} Rd7
{[%clk 0:29:41]} 47. Rd8 {[%clk 0:20:03]} Rxd8 {[%clk 0:27:52]} 48. Bxd8
{[%clk 0:20:27]} Kxe5 {[%clk 0:28:19]} 49. Bc7+ {[%clk 0:19:57]} Kd5
{[%clk 0:28:21]} 50. Kf2 {[%clk 0:19:59]} c4 {[%clk 0:27:54]} 51. Ke3
{[%clk 0:20:03]} e5 {[%clk 0:27:49]} 52. Bb8 {[%clk 0:20:17]} a6 {[%clk 0:28:12]}
53. Bc7 {[%clk 0:20:36]} b5 {[%clk 0:28:38]} 54. Ba5 {[%clk 0:19:48]} Bh7
{[%clk 0:29:03]} 55. Bc3 {[%clk 0:20:01]} Bg6 {[%clk 0:29:08]} 56. Ba5
{[%clk 0:19:27]} Ke6 {[%clk 0:29:13]} 57. Bb4 {[%clk 0:17:52]} Bh7
{[%clk 0:29:26]} 58. Ba5 {[%clk 0:17:41]} Kf5 {[%clk 0:29:50]} 59. Bb4
{[%clk 0:17:57]} Kg5 {[%clk 0:29:39]} 60. Bc3 {[%clk 0:18:17]} Kf6
{[%clk 0:28:44]} 61. Bb4 {[%clk 0:18:31]} Kf5 {[%clk 0:28:57]} 62. Ba5
{[%clk 0:18:16]} Kg5 {[%clk 0:29:11]} 63. Bc3 {[%clk 0:18:31]} e4
{[%clk 0:29:32]} 64. Bg7 {[%clk 0:18:50]} a5 {[%clk 0:29:55]} 65. Bc3
{[%clk 0:18:58]} a4 {[%clk 0:29:02]} 66. Bg7 {[%clk 0:19:22]} Kf5
{[%clk 0:28:55]} 67. Bf8 {[%clk 0:19:29]} Bg6 {[%clk 0:28:39]} 68. Bg7
{[%clk 0:19:52]} 1/2-1/2

[Event "IMP Mezczyzn do lat 20"]
[Site "Chotowa"]
[Date "2023.10.31"]
[Round "2.17"]
[White "Lis, Maksymilian"]
[Black "Walaszczyk, Aleksander"]
[Result "0-1"]
[BlackElo "1731"]
[WhiteElo "1937"]
[LiveChessVersion "1.4.8"]

1. d4 {[%clk 1:30:54]} Nf6 {[%clk 1:30:53]} 2. c4 g6 3. Nf3 {[%clk 1:31:26]} Bg7
{[%clk 1:31:31]} 4. g3 c6 {[%clk 1:31:40]} 5. Nc3 {[%clk 1:30:46]} d5
{[%clk 1:31:57]} 6. cxd5 {[%clk 1:29:39]} cxd5 {[%clk 1:32:19]} 7. Bg2
{[%clk 1:30:01]} O-O {[%clk 1:32:07]} 8. Ne5 {[%clk 1:29:51]} Nfd7
{[%clk 1:15:58]} 9. f4 {[%clk 1:13:48]} e6 {[%clk 1:06:58]} 10. Be3
{[%clk 1:11:04]} Nc6 {[%clk 1:04:02]} 11. Bf2 {[%clk 1:04:58]} a6
{[%clk 0:38:43]} 12. O-O {[%clk 1:03:30]} Ne7 {[%clk 0:34:47]} 13. Qd3
{[%clk 0:59:23]} b6 {[%clk 0:32:25]} 14. Rac1 {[%clk 0:57:30]} Bb7
{[%clk 0:32:18]} 15. Rfd1 {[%clk 0:57:39]} h5 {[%clk 0:25:05]} 16. Na4
{[%clk 0:51:47]} Nf6 {[%clk 0:23:37]} 17. Qb3 {[%clk 0:50:31]} Nc8
{[%clk 0:22:31]} 18. Be1 {[%clk 0:49:10]} a5 {[%clk 0:19:32]} 19. Rc2
{[%clk 0:48:18]} Ne4 {[%clk 0:17:32]} 20. Rdc1 {[%clk 0:45:29]} b5
{[%clk 0:09:02]} 21. Qxb5 {[%clk 0:44:03]} Ncd6 {[%clk 0:09:22]} 22. Qb6
{[%clk 0:42:50]} Qxb6 {[%clk 0:06:27]} 23. Nxb6 {[%clk 0:42:30]} Ra6
{[%clk 0:06:53]} 24. Nbd7 {[%clk 0:41:31]} Rd8 {[%clk 0:06:47]} 25. Nc5
{[%clk 0:41:20]} Nxc5 {[%clk 0:06:33]} 26. Rxc5 {[%clk 0:41:08]} Nf5
{[%clk 0:04:17]} 27. Bf2 {[%clk 0:39:16]} Rb6 {[%clk 0:03:41]} 28. R1c2
{[%clk 0:39:00]} a4 {[%clk 0:03:04]} 29. Ra5 {[%clk 0:38:52]} Ra6
{[%clk 0:03:01]} 30. Rb5 {[%clk 0:38:47]} Nd6 {[%clk 0:02:39]} 31. Rbc5
{[%clk 0:36:02]} Rb6 {[%clk 0:01:53]} 32. Be1 {[%clk 0:35:31]} Ra8
{[%clk 0:01:36]} 33. Bf2 {[%clk 0:31:24]} Rb4 {[%clk 0:00:40]} 34. Nd3
{[%clk 0:28:58]} Rb6 {[%clk 0:00:54]} 35. e3 {[%clk 0:27:54]} Ba6
{[%clk 0:00:49]} 36. Bf1 {[%clk 0:27:20]} Ne4 {[%clk 0:00:50]} 37. Rc6
{[%clk 0:26:38]} Rb7 {[%clk 0:00:34]} 38. Rc7 {[%clk 0:25:12]} Rxc7
{[%clk 0:00:41]} 39. Rxc7 {[%clk 0:25:37]} Rb8 {[%clk 0:01:02]} 40. Rc2
{[%clk 0:55:41]} Bc4 {[%clk 0:31:11]} 41. Nc1 {[%clk 0:54:28]} Nd6
{[%clk 0:23:43]} 42. Bd3 {[%clk 0:51:47]} Bxd3 {[%clk 0:19:47]} 43. Nxd3
{[%clk 0:52:12]} Nc4 {[%clk 0:20:02]} 44. Kf1 {[%clk 0:52:31]} f6
{[%clk 0:19:26]} 45. Ke2 {[%clk 0:46:00]} e5 {[%clk 0:17:15]} 46. fxe5
{[%clk 0:46:24]} fxe5 {[%clk 0:17:40]} 47. dxe5 {[%clk 0:46:49]} Bxe5
{[%clk 0:17:56]} 48. Nxe5 {[%clk 0:47:12]} Nxe5 {[%clk 0:18:21]} 49. Be1
{[%clk 0:47:32]} Nc4 {[%clk 0:15:51]} 50. Bc3 {[%clk 0:47:10]} Kf7
{[%clk 0:12:56]} 51. Kd3 {[%clk 0:46:39]} Ke6 {[%clk 0:12:48]} 52. Rf2
{[%clk 0:43:59]} Ne5+ {[%clk 0:13:10]} 53. Kc2 {[%clk 0:44:21]} Ng4
{[%clk 0:12:12]} 54. Re2 {[%clk 0:44:29]} Rf8 {[%clk 0:11:46]} 55. Be1
{[%clk 0:40:37]} Rc8+ {[%clk 0:11:05]} 56. Kb1 {[%clk 0:40:40]} Ke5
{[%clk 0:08:43]} 57. h3 {[%clk 0:40:36]} Nh6 {[%clk 0:09:03]} 58. b4
{[%clk 0:39:50]} axb3 {[%clk 0:09:10]} 59. axb3 {[%clk 0:40:17]} Ke4
{[%clk 0:09:27]} 60. b4 {[%clk 0:40:23]} Nf5 {[%clk 0:09:39]} 61. b5
{[%clk 0:38:58]} Rb8 {[%clk 0:08:54]} 62. Rb2 {[%clk 0:39:20]} Nxe3
{[%clk 0:09:07]} 63. Rb4+ {[%clk 0:36:08]} Nc4 {[%clk 0:08:41]} 64. Kc2
{[%clk 0:35:54]} Rxb5 {[%clk 0:08:28]} 65. Rxb5 {[%clk 0:35:46]} Na3+
{[%clk 0:08:53]} 66. Kd2 {[%clk 0:36:06]} Nxb5 {[%clk 0:09:18]} 67. Ke2
{[%clk 0:35:14]} d4 {[%clk 0:09:03]} 68. g4 {[%clk 0:35:23]} hxg4
{[%clk 0:09:26]} 69. hxg4 {[%clk 0:35:50]} d3+ {[%clk 0:09:43]} 70. Kd2
{[%clk 0:36:04]} Nd4 {[%clk 0:09:54]} 71. Bf2 {[%clk 0:35:45]} Nf3+
{[%clk 0:10:14]} 72. Kc3 {[%clk 0:35:45]} Ne5 {[%clk 0:10:28]} 73. g5
{[%clk 0:36:03]} Nf3 {[%clk 0:10:53]} 74. Bc5 {[%clk 0:36:03]} Nxg5
{[%clk 0:11:11]} 75. Kd2 {[%clk 0:36:20]} Ne6 {[%clk 0:11:03]} 76. Bf2
{[%clk 0:36:38]} Nf4 {[%clk 0:11:13]} 77. Bg3 {[%clk 0:36:49]} g5
{[%clk 0:11:25]} 78. Ke1 {[%clk 0:37:07]} Kf3 {[%clk 0:11:24]} 79. Bf2
{[%clk 0:37:23]} g4 {[%clk 0:11:47]} 0-1

[Event "IMP Mezczyzn do lat 20"]
[Site "Chotowa"]
[Date "2023.10.31"]
[Round "2.18"]
[White "Boryna, Szymon"]
[Black "Mikula, Maciej"]
[Result "1/2-1/2"]
[BlackElo "1936"]
[WhiteElo "1463"]
[LiveChessVersion "1.4.8"]

1. c4 {[%clk 1:30:41]} d5 {[%clk 1:30:53]} 2. e3 {[%clk 1:31:03]} Nf6
{[%clk 1:29:56]} 3. Nc3 {[%clk 1:31:10]} c6 {[%clk 1:27:05]} 4. b3
{[%clk 1:29:42]} Bf5 {[%clk 1:25:34]} 5. cxd5 {[%clk 1:24:42]} cxd5
{[%clk 1:25:05]} 6. Nf3 {[%clk 1:25:05]} e6 {[%clk 1:23:05]} 7. Bb2
{[%clk 1:25:24]} Be7 {[%clk 1:21:27]} 8. Bb5+ {[%clk 1:25:37]} Nfd7
{[%clk 1:20:05]} 9. Nd4 {[%clk 1:20:41]} Bg6 {[%clk 1:19:12]} 10. O-O
{[%clk 1:20:42]} a6 {[%clk 1:18:14]} 11. Be2 {[%clk 1:18:13]} Nc6
{[%clk 1:14:51]} 12. Nxc6 {[%clk 1:17:49]} bxc6 {[%clk 1:15:14]} 13. d4
{[%clk 1:18:03]} O-O {[%clk 1:14:29]} 14. Rc1 {[%clk 1:16:27]} Qb8
{[%clk 1:00:51]} 15. Na4 {[%clk 1:12:26]} Rc8 {[%clk 1:00:31]} 16. Qd2
{[%clk 1:10:56]} Bd6 {[%clk 0:55:55]} 17. h3 {[%clk 1:09:18]} Nf6
{[%clk 0:45:20]} 18. Bd3 {[%clk 1:05:27]} Bxd3 {[%clk 0:44:22]} 19. Qxd3
{[%clk 1:05:47]} Ne4 {[%clk 0:44:30]} 20. Rc2 {[%clk 1:04:45]} Qb5
{[%clk 0:38:49]} 21. Rd1 {[%clk 1:00:09]} a5 {[%clk 0:30:38]} 22. Qf1
{[%clk 0:45:14]} Qxf1+ {[%clk 0:25:41]} 23. Kxf1 {[%clk 0:41:34]} Ra6
{[%clk 0:26:05]} 24. Rdc1 {[%clk 0:40:09]} f5 {[%clk 0:24:55]} 25. Ke2
{[%clk 0:38:45]} f4 {[%clk 0:24:07]} 26. Bc3 {[%clk 0:23:39]} fxe3
{[%clk 0:23:51]} 27. fxe3 {[%clk 0:22:02]} Ba3 {[%clk 0:19:55]} 28. Bb2
{[%clk 0:21:38]} Bd6 {[%clk 0:17:06]} 29. Bc3 {[%clk 0:21:56]} Bb4
{[%clk 0:17:31]} 30. Kd3 {[%clk 0:18:57]} Kf7 {[%clk 0:10:12]} 31. Bxb4
{[%clk 0:10:42]} axb4 {[%clk 0:10:37]} 32. Nc5 {[%clk 0:11:04]} Nxc5+
{[%clk 0:10:28]} 33. dxc5 {[%clk 0:11:32]} Rca8 {[%clk 0:08:59]} 34. Rf2+
{[%clk 0:11:10]} Kg6 {[%clk 0:09:03]} 35. Rcc2 {[%clk 0:11:36]} e5
{[%clk 0:06:34]} 36. g4 {[%clk 0:06:42]} R6a7 {[%clk 0:03:03]} 37. e4
{[%clk 0:05:19]} Rd8 {[%clk 0:01:55]} 38. Rf5 {[%clk 0:03:40]} dxe4+
{[%clk 0:01:13]} 39. Kxe4 {[%clk 0:03:59]} Rd4+ {[%clk 0:01:04]} 40. Kxe5
{[%clk 0:31:42]} Rad7 {[%clk 0:31:28]} 41. Rc4 {[%clk 0:27:47]} Rd2
{[%clk 0:15:27]} 42. Rxb4 {[%clk 0:24:52]} Re7+ {[%clk 0:11:10]} 43. Kf4
{[%clk 0:24:33]} Rxa2 {[%clk 0:10:45]} 44. Rb6 {[%clk 0:22:15]} Rf2+
{[%clk 0:11:09]} 45. Kg3 {[%clk 0:22:08]} Rxf5 {[%clk 0:11:37]} 46. gxf5+
{[%clk 0:22:05]} Kxf5 {[%clk 0:12:01]} 47. Rxc6 {[%clk 0:22:07]} Re3+
{[%clk 0:12:11]} 48. Kg2 {[%clk 0:22:22]} Rxb3 {[%clk 0:11:58]} 49. Rb6
{[%clk 0:22:37]} Rc3 {[%clk 0:11:55]} 50. c6 {[%clk 0:22:53]} g5 {[%clk 0:10:08]}
51. Rb5+ {[%clk 0:21:41]} Kf4 {[%clk 0:10:03]} 52. Rb4+ Ke3 {[%clk 0:09:27]} 53.
Rb7 {[%clk 0:20:14]} Rxc6 {[%clk 0:05:09]} 1/2-1/2

[Event "IMP Mezczyzn do lat 20"]
[Site "Chotowa"]
[Date "2023.10.31"]
[Round "3.1"]
[White "Koziorowicz, Michal"]
[Black "Niedbala, Bartlomiej"]
[Result "1/2-1/2"]
[BlackElo "2400"]
[WhiteElo "2288"]
[LiveChessVersion "1.4.8"]

1. e4 {[%clk 1:30:59]} e5 {[%clk 1:27:43]} 2. Nf3 {[%clk 1:30:31]} Nf6
{[%clk 1:24:48]} 3. d4 {[%clk 1:29:01]} Nxe4 {[%clk 1:24:50]} 4. dxe5
{[%clk 1:29:24]} d5 {[%clk 1:24:48]} 5. Nbd2 {[%clk 1:26:57]} Qd7
{[%clk 1:24:44]} 6. c3 {[%clk 1:16:44]} Bc5 {[%clk 1:14:45]} 7. Nxe4
{[%clk 1:16:33]} dxe4 {[%clk 1:15:10]} 8. Qxd7+ {[%clk 1:16:40]} Nxd7
{[%clk 1:15:10]} 9. Ng5 {[%clk 1:16:56]} Nxe5 {[%clk 1:14:28]} 10. Nxe4
{[%clk 1:17:18]} Bb6 {[%clk 1:13:58]} 11. Bb5+ {[%clk 1:06:48]} Bd7
{[%clk 1:12:20]} 12. Bxd7+ {[%clk 1:04:38]} Nxd7 {[%clk 1:10:29]} 13. O-O
{[%clk 1:04:35]} O-O-O {[%clk 1:08:02]} 14. Bf4 {[%clk 1:04:37]} Nc5
{[%clk 1:07:52]} 15. Nxc5 {[%clk 1:04:57]} Bxc5 {[%clk 1:08:20]} 16. Rfd1
{[%clk 1:05:10]} Rxd1+ {[%clk 1:08:44]} 17. Rxd1 {[%clk 1:05:37]} Rd8
{[%clk 1:08:26]} 18. Rxd8+ {[%clk 1:06:02]} Kxd8 {[%clk 1:08:53]} 19. Kf1
{[%clk 1:06:26]} Kd7 {[%clk 1:09:14]} 20. Ke2 {[%clk 1:06:46]} Bd6
{[%clk 1:09:06]} 21. Ke3 {[%clk 1:06:40]} Bc5+ {[%clk 1:09:31]} 22. Ke2
{[%clk 1:07:06]} Bd6 {[%clk 1:09:57]} 23. Ke3 {[%clk 1:07:33]} Bc5+
{[%clk 1:10:23]} 24. Ke2 {[%clk 1:08:02]} Bd6 {[%clk 1:10:49]} 25. Ke3
{[%clk 1:08:30]} Bc5+ {[%clk 1:11:14]} 26. Ke2 {[%clk 1:07:27]} 1/2-1/2

[Event "IMP Mezczyzn do lat 20"]
[Site "Chotowa"]
[Date "2023.10.31"]
[Round "3.2"]
[White "Kacprzak, Karol"]
[Black "Stachowicz, Hubert"]
[Result "1-0"]
[BlackElo "1583"]
[WhiteElo "2317"]
[LiveChessVersion "1.4.8"]

1. e4 {[%clk 1:29:49]} c5 {[%clk 1:30:55]} 2. Nf3 {[%clk 1:29:43]} Nc6
{[%clk 1:31:14]} 3. d4 {[%clk 1:30:01]} cxd4 {[%clk 1:31:42]} 4. Nxd4
{[%clk 1:30:23]} g6 {[%clk 1:31:56]} 5. c4 {[%clk 1:29:48]} Nf6 {[%clk 1:31:22]}
6. Nc3 {[%clk 1:30:06]} d6 {[%clk 1:31:38]} 7. Be2 {[%clk 1:29:24]} Bg7
{[%clk 1:31:55]} 8. Be3 {[%clk 1:28:17]} O-O {[%clk 1:32:08]} 9. O-O
{[%clk 1:28:09]} Nxd4 {[%clk 1:32:03]} 10. Bxd4 {[%clk 1:28:22]} Be6
{[%clk 1:32:18]} 11. Qd2 {[%clk 1:22:48]} a6 {[%clk 1:32:26]} 12. f3
{[%clk 1:17:26]} Qa5 {[%clk 1:32:35]} 13. Rfd1 {[%clk 1:03:40]} Rfb8
{[%clk 1:32:43]} 14. b3 {[%clk 0:48:54]} b5 {[%clk 1:29:54]} 15. Nd5
{[%clk 0:39:18]} Qxd2 {[%clk 1:30:09]} 16. Rxd2 {[%clk 0:39:46]} Bxd5
{[%clk 1:30:25]} 17. cxd5 {[%clk 0:38:48]} Nd7 {[%clk 1:30:44]} 18. Bxg7
{[%clk 0:38:13]} Kxg7 {[%clk 1:31:11]} 19. Rc1 {[%clk 0:38:25]} Rc8
{[%clk 1:31:36]} 20. Rdc2 {[%clk 0:38:51]} Rxc2 {[%clk 1:31:36]} 21. Rxc2
{[%clk 0:39:19]} Ra7 {[%clk 1:31:35]} 22. b4 {[%clk 0:29:56]} Ne5
{[%clk 1:19:48]} 23. Rc3 {[%clk 0:25:07]} Kf6 {[%clk 1:14:10]} 24. Kf2
{[%clk 0:20:33]} e6 {[%clk 1:13:35]} 25. dxe6 {[%clk 0:19:29]} fxe6
{[%clk 1:11:02]} 26. Ke3 {[%clk 0:10:58]} Nd7 {[%clk 1:00:43]} 27. Ra3
{[%clk 0:09:25]} Nb8 {[%clk 0:56:12]} 28. Bxb5 {[%clk 0:08:16]} Rb7
{[%clk 0:56:41]} 29. Bxa6 {[%clk 0:07:50]} Rxb4 {[%clk 0:56:54]} 30. Be2
{[%clk 0:07:43]} Nd7 {[%clk 0:55:25]} 31. Rb3 {[%clk 0:05:44]} Ra4 32. Bb5
{[%clk 0:05:44]} Ra7 {[%clk 0:49:46]} 33. Bxd7 {[%clk 0:05:27]} Rxd7
{[%clk 0:50:11]} 34. a4 {[%clk 0:05:42]} Ra7 {[%clk 0:50:18]} 35. Ra3
{[%clk 0:06:10]} Ra5 {[%clk 0:50:37]} 36. Kd4 {[%clk 0:06:20]} Ke7
{[%clk 0:50:28]} 37. Ra2 {[%clk 0:03:57]} Kd7 {[%clk 0:50:49]} 38. Kc4
{[%clk 0:04:20]} Rc5+ {[%clk 0:48:37]} 39. Kb3 {[%clk 0:03:33]} Rc1
{[%clk 0:46:03]} 40. a5 {[%clk 0:30:36]} Kc8 41. Rc2+ {[%clk 0:27:24]} Rxc2
{[%clk 1:14:30]} 42. Kxc2 {[%clk 0:27:48]} Kc7 {[%clk 1:13:25]} 43. Kc3
{[%clk 0:27:57]} Kc6 {[%clk 1:13:17]} 44. Kc4 {[%clk 0:28:08]} h6
{[%clk 1:04:49]} 45. f4 {[%clk 0:26:25]} 1-0

[Event "IMP Mezczyzn do lat 20"]
[Site "Chotowa"]
[Date "2023.10.31"]
[Round "3.3"]
[White "Fiedorek, Michal"]
[Black "Janeczko, Jakub"]
[Result "1/2-1/2"]
[BlackElo "2280"]
[WhiteElo "2334"]
[LiveChessVersion "1.4.8"]

1. e4 {[%clk 1:30:56]} Nf6 {[%clk 1:30:44]} 2. e5 {[%clk 1:30:58]} Nd5
{[%clk 1:30:27]} 3. d4 {[%clk 1:31:11]} d6 {[%clk 1:30:51]} 4. Nf3
{[%clk 1:31:28]} dxe5 {[%clk 1:31:17]} 5. Nxe5 {[%clk 1:31:48]} g6
{[%clk 1:31:44]} 6. Be2 {[%clk 1:31:02]} Bg7 {[%clk 1:31:58]} 7. O-O
{[%clk 1:30:45]} O-O {[%clk 1:30:32]} 8. Nf3 {[%clk 1:26:56]} Nc6
{[%clk 1:26:29]} 9. Re1 {[%clk 1:22:52]} Nb6 {[%clk 1:24:23]} 10. c3
{[%clk 1:20:50]} e5 {[%clk 1:22:15]} 11. dxe5 {[%clk 1:11:41]} Nxe5
{[%clk 1:21:13]} 12. Qxd8 {[%clk 1:03:17]} Rxd8 {[%clk 1:16:41]} 13. Bg5
{[%clk 1:03:14]} Re8 {[%clk 1:13:01]} 14. Nbd2 {[%clk 1:00:24]} Bf5
{[%clk 1:09:08]} 15. Nxe5 {[%clk 0:57:54]} Rxe5 {[%clk 0:59:21]} 16. Bf4
{[%clk 0:53:38]} Re7 {[%clk 0:59:16]} 17. Bf3 {[%clk 0:53:16]} Rxe1+
{[%clk 0:59:28]} 18. Rxe1 {[%clk 0:53:39]} c6 {[%clk 0:59:35]} 19. Nb3
{[%clk 0:49:21]} Na4 {[%clk 0:41:57]} 20. Re7 {[%clk 0:40:57]} Nxb2
{[%clk 0:42:14]} 21. Rxb7 {[%clk 0:41:08]} Bxc3 {[%clk 0:37:21]} 22. Bxc6
{[%clk 0:40:11]} Nd3 {[%clk 0:31:23]} 23. Bg5 {[%clk 0:25:50]} Be6
{[%clk 0:18:43]} 24. Be4 {[%clk 0:19:51]} Ne5 {[%clk 0:12:34]} 25. Rc7
{[%clk 0:19:00]} Rc8 {[%clk 0:12:54]} 26. Rxa7 {[%clk 0:17:27]} f5
{[%clk 0:08:09]} 27. Bb7 {[%clk 0:11:22]} Rc7 {[%clk 0:08:38]} 28. Be3
{[%clk 0:09:45]} Rd7 {[%clk 0:07:45]} 29. h3 {[%clk 0:08:45]} Nc4
{[%clk 0:06:02]} 30. Bf3 {[%clk 0:08:14]} Nxe3 {[%clk 0:06:27]} 31. Rxd7
{[%clk 0:06:15]} Bxd7 {[%clk 0:06:56]} 32. fxe3 {[%clk 0:06:38]} Be6
{[%clk 0:07:22]} 33. Kf2 {[%clk 0:06:23]} Kf7 {[%clk 0:07:24]} 34. Ke2
{[%clk 0:05:52]} Bc4+ {[%clk 0:07:46]} 35. Kd1 {[%clk 0:06:18]} Bxb3+
{[%clk 0:08:13]} 36. axb3 {[%clk 0:06:40]} Ke6 {[%clk 0:07:00]} 37. Kc2
{[%clk 0:07:04]} Ba5 {[%clk 0:06:40]} 38. Kd3 {[%clk 0:07:23]} Ke5
{[%clk 0:06:22]} 39. e4 {[%clk 0:06:58]} fxe4+ {[%clk 0:06:36]} 40. Bxe4
{[%clk 0:37:22]} Be1 {[%clk 0:36:31]} 41. Bf3 {[%clk 0:36:49]} h5
{[%clk 0:35:31]} 42. Kc4 {[%clk 0:37:07]} h4 {[%clk 0:35:28]} 43. b4
{[%clk 0:36:50]} Kd6 {[%clk 0:35:28]} 44. Kb5 {[%clk 0:36:53]} Kc7
{[%clk 0:35:54]} 45. Kc5 {[%clk 0:37:05]} g5 {[%clk 0:36:15]} 46. b5
{[%clk 0:37:30]} Bf2+ {[%clk 0:36:38]} 47. Kd5 {[%clk 0:37:38]} Be3
{[%clk 0:36:59]} 1/2-1/2